000 00295nam a22001217a 4500
003 SGT
082 _a370
_bWES
100 _aWESTWOOD, PETER
245 _aCOMMONSENSE METHODS FOR CHILDREN WITH SPECIAL EDUCATIONAL NEEDS
260 _aDELHI
_bROUTLEDGE
_c2019
300 _a214
942 _2ddc
_cBK
999 _c18988
_d18988